00557nam a2200169 a 4500008004100000020001500041050001400056100001900070245011300089260003900202300002800241350000900269650001200278650004800290700002200338700002700360111014s1976 ||||||||||||||||| || u a0721664946 aQM 32 Stu aMoore, Keith L10aStudy guide and review manual of human anatomy: regional, systemic, appliedcby Keith L. Moore; [and others] aPhiladelphia:bW.B. Saundersc1976 aviii[xxiv], 356p.: ill. a0.00 3aANATOMY aHUMAN ANATOMY--EXAMINATIONS, QUESTIONS, ETC aHoshino, Kazumasa aNathaniel, Edward J. H